<?xml version="1.0" encoding="UTF-8"?><record xmlns="http://www.loc.gov/MARC21/slim" xmlns:zs="http://docs.oasis-open.org/ns/search-ws/sruResponse">
  <leader>01870cz  a2200289n  4500</leader>
  <controlfield tag="001">no 97062045 </controlfield>
  <controlfield tag="003">DLC</controlfield>
  <controlfield tag="005">20260305090719.2</controlfield>
  <controlfield tag="008">971022n| azannaabn          |a aaa     c</controlfield>
  <datafield ind1=" " ind2=" " tag="010">
    <subfield code="a">no 97062045 </subfield>
  </datafield>
  <datafield ind1="7" ind2=" " tag="024">
    <subfield code="a">Q1379145</subfield>
    <subfield code="2">wikidata</subfield>
    <subfield code="1">http://www.wikidata.org/entity/Q1379145</subfield>
  </datafield>
  <datafield ind1="7" ind2=" " tag="024">
    <subfield code="a">39652939</subfield>
    <subfield code="2">viaf</subfield>
    <subfield code="1">http://viaf.org/viaf/39652939</subfield>
  </datafield>
  <datafield ind1="7" ind2=" " tag="024">
    <subfield code="a">0000000116254249</subfield>
    <subfield code="2">isni</subfield>
    <subfield code="1">https://isni.org/isni/0000000116254249</subfield>
  </datafield>
  <datafield ind1=" " ind2=" " tag="040">
    <subfield code="a">ICU</subfield>
    <subfield code="b">eng</subfield>
    <subfield code="e">rda</subfield>
    <subfield code="c">ICU</subfield>
    <subfield code="d">DLC</subfield>
    <subfield code="d">OCoLC</subfield>
    <subfield code="d">PSt</subfield>
  </datafield>
  <datafield ind1=" " ind2=" " tag="046">
    <subfield code="f">1965-08-29</subfield>
    <subfield code="2">edtf</subfield>
  </datafield>
  <datafield ind1="1" ind2=" " tag="100">
    <subfield code="a">Cancik-Kirschbaum, Eva Christiane</subfield>
  </datafield>
  <datafield ind1=" " ind2=" " tag="370">
    <subfield code="a">Tübingen (Germany)</subfield>
    <subfield code="c">Germany</subfield>
    <subfield code="f">Berlin (Germany)</subfield>
    <subfield code="2">naf</subfield>
  </datafield>
  <datafield ind1=" " ind2=" " tag="372">
    <subfield code="a">Middle East--History</subfield>
    <subfield code="a">Assyriology</subfield>
    <subfield code="2">lcsh</subfield>
  </datafield>
  <datafield ind1=" " ind2=" " tag="373">
    <subfield code="a">Freie Universität Berlin</subfield>
    <subfield code="2">naf</subfield>
    <subfield code="s">1996</subfield>
  </datafield>
  <datafield ind1=" " ind2=" " tag="374">
    <subfield code="a">Historians</subfield>
    <subfield code="a">Assyriologists</subfield>
    <subfield code="a">College teachers</subfield>
    <subfield code="2">lcsh</subfield>
  </datafield>
  <datafield ind1=" " ind2=" " tag="377">
    <subfield code="a">ger</subfield>
  </datafield>
  <datafield ind1="1" ind2=" " tag="400">
    <subfield code="a">Kirschbaum, Eva Christiane Cancik-</subfield>
  </datafield>
  <datafield ind1="2" ind2=" " tag="510">
    <subfield code="w">r</subfield>
    <subfield code="i">Employer:</subfield>
    <subfield code="a">Freie Universität Berlin</subfield>
  </datafield>
  <datafield ind1="2" ind2=" " tag="510">
    <subfield code="w">r</subfield>
    <subfield code="i">Graduate of:</subfield>
    <subfield code="a">Freie Universität Berlin</subfield>
  </datafield>
  <datafield ind1=" " ind2=" " tag="670">
    <subfield code="a">Die mittelassyrischen Briefe aus Tall Šēḫ Ḥamad, 1996:</subfield>
    <subfield code="b">t.p. (Eva Christiane Cancik-Kirschbaum)</subfield>
  </datafield>
  <datafield ind1=" " ind2=" " tag="670">
    <subfield code="a">The dawn of philology, 2026:</subfield>
    <subfield code="b">CIP title page (Eva Cancik-Kirschbaum) data view (holds the chair for Languages and History of the Ancient Near East at Freie Universität Berlin. Her main themes of research are the socioeconomic and political history of ancient Mesopotamia as well as the intellectual history and the history of ideas. She teaches as a visiting professor and publishes broadly on ancient Mesopotamia and its legacy)</subfield>
  </datafield>
  <datafield ind1=" " ind2=" " tag="670">
    <subfield code="a">Wikidata website, viewed March 4, 2026</subfield>
    <subfield code="b">(Eva Christiane Cancik-Kirschbaum; German assyriologist; b. 29 August 1965, Tübingen; doctorate, 1994, Freie Universität Berlin; employed at Freie Universität Berlin, 1996-2001, wissenschaftlicher Assistent; 2003-, ordinary professor)</subfield>
    <subfield code="u">http://www.wikidata.org/entity/Q1379145</subfield>
  </datafield>
</record>
